000 00400nam a22001457a 4500
003 OSt
008 260425b |||||||| |||| 00| 0 eng d
082 _a634.393
_bP27P
245 _aPropagation of Jackfruit (Artocarpus heterophyllus Lamb.) By Marcottage
260 _aPusa, Samastipur
_bRAU
_c1998
300 _a68P.
502 _bMsc.
_d1998
650 _aFruit and Fruit Technology
942 _2ddc
_cT
999 _c50197
_d50197